| 000 | 00000nam 2200000zi 4500 |
| 001 | 9.930550 |
| 003 | CaOODSP |
| 005 | 20250206084227 |
| 006 | m o d f |
| 007 | cr |n||||||||| |
| 008 | 231120e20100615quca o f|0| 0 fre d |
| 040 | |aCaOODSP|bfre|erda|cCaOODSP |
| 043 | |an-cn--- |
| 086 | 1 |aEn4-614/2010F-PDF |
| 245 | 00|aCérémonie de remise des prix ministériels d'Environnement Canada, 2010. |
| 264 | 1|aGatineau (Québec) : |bEnvironnement Canada, |cle 15 juin 2010. |
| 264 | 4|c©2010 |
| 300 | |a1 ressource en ligne (35 pages) : |billustrations |
| 336 | |atexte|btxt|2rdacontent/fre |
| 337 | |ainformatique|bc|2rdamedia/fre |
| 338 | |aressource en ligne|bcr|2rdacarrier/fre |
| 500 | |aÉdition numérisée de l’imprimé [par Environnement et changement climatique Canada]. |
| 500 | |aPublié aussi en anglais sous le titre : Environment Canada's departmental awards ceremony, 2010. |
| 500 | |a« Présentée au Musée des beaux-arts du Canada Ottawa (Ontario). » |
| 610 | 16|aCanada. |bEnvironnement Canada|xPrix et récompenses. |
| 650 | 6|aRemises de prix et récompenses|zCanada. |
| 710 | 1 |aCanada. |bEnvironnement Canada, |eorganisme de publication. |
| 775 | 08|tEnvironment Canada's departmental awards ceremony, 2010.|w(CaOODSP)9.936228 |
| 856 | 40|qPDF|s14.10 Mo|uhttps://publications.gc.ca/collections/collection_2025/eccc/en4/En4-614-2010-fra.pdf |